| 000 -LEADER |
| fixed length control field |
00369nam a22001337a 4500 |
| 008 - FIXED-LENGTH DATA ELEMENTS--GENERAL INFORMATION |
| fixed length control field |
120203t xxu||||| |||| 00| 0 eng d |
| 050 ## - LIBRARY OF CONGRESS CALL NUMBER |
| Classification number |
BV 210.2 |
| Item number |
.A93 |
| 100 ## - MAIN ENTRY--PERSONAL NAME |
| Personal name |
Avanzini, John F. |
| 9 (RLIN) |
1025 |
| 245 ## - TITLE STATEMENT |
| Title |
Unanswered prayer - answered. |
| 260 ## - PUBLICATION, DISTRIBUTION, ETC. (IMPRINT) |
| Place of publication, distribution, etc |
Ft. Worth, TX |
| Name of publisher, distributor, etc |
His Publishing Company |
| Date of publication, distribution, etc |
1993. |
| 300 ## - PHYSICAL DESCRIPTION |
| Extent |
92 p. |
| Dimensions |
21 cm. |
| 650 ## - SUBJECT ADDED ENTRY--TOPICAL TERM |
| Topical term or geographic name as entry element |
Prayer. |
| 9 (RLIN) |
382 |
| 942 ## - ADDED ENTRY ELEMENTS (KOHA) |
| Source of classification or shelving scheme |
|
| Item type |
Books |